K niektorým aspektom presadzovania práv duševného vlastníctva colnými orgánmi
Analýza niektorých aspektov týkajúcich sa európskej a vnútroštátnej úpravy presadzovania práv duševného vlastníctva colnými orgánmi, predovšetkým právnej úpravy a praxe colných orgánov pri uplatňovaní procesných lehôt pri zaistení tovaru alebo pri pozastavení jeho prepustenia. Poznámky k materiálnym...
Guardado en:
| Autor principal: | |
|---|---|
| Formato: | Capítulo de libro |
| Lenguaje: | eslovaco |
| Materias: | |
| Etiquetas: |
Sin Etiquetas, Sea el primero en etiquetar este registro!
|
MARC
| LEADER | 00000naa a2200000 4500 | ||
|---|---|---|---|
| 001 | 0289058 | ||
| 005 | 20221128141341.4 | ||
| 041 | 0 | |a slo | |
| 044 | |a SK | ||
| 245 | 1 | 0 | |a K niektorým aspektom presadzovania práv duševného vlastníctva colnými orgánmi |c Peter Roháček |
| 520 | |a Analýza niektorých aspektov týkajúcich sa európskej a vnútroštátnej úpravy presadzovania práv duševného vlastníctva colnými orgánmi, predovšetkým právnej úpravy a praxe colných orgánov pri uplatňovaní procesných lehôt pri zaistení tovaru alebo pri pozastavení jeho prepustenia. Poznámky k materiálnym požiadavkám na rozhodnutie o zaistení tovaru alebo o pozastavení jeho prepustenia a k výpočtu nákladov na skladovanie tovaru, o ktorých je vedomosť, že v právnej praxi spôsobujú interpretačné problémy. | ||
| 610 | 2 | 0 | |a vlastníctvo duševné |
| 610 | 2 | 0 | |a konanie colné |
| 610 | 2 | 0 | |a ochrana colná |
| 610 | 2 | 0 | |a ochrana práv priemyselných |
| 610 | 2 | 0 | |a ochrana autorstva |
| 610 | 2 | 0 | |a obeh tovaru medzinárodný |
| 610 | 2 | 0 | |a zákony |
| 610 | 2 | 0 | |a legislatíva |
| 610 | 2 | 0 | |a Slovensko |
| 610 | 2 | 0 | |a Európska únia |
| 100 | 1 | |a Roháček, Peter | |